00756nam a22002057a 450000500170000001000150001702000260003203500140005803700090007208200120008110000270009324500470012025000060016726000420017327001140021530000200032994200260034999900190037595201560039420240925122423.0 aENG-141760 a9789356845398c399.00 aEN-125292 bDBAD a796.350 aDhamnani, Vinay971942 aLBW:cBy Vinay DhamnanibLove By World Cup a1 aNew DelhibDiamond Pocket Booksc2024 aX- 30, Okhla Industrial Area, Phase-IIbNew Delhie110020mwecare@diamondbooks.ink011-40712100k011-41611861 a332p.c22cm(pb) 2ddccENh796.350mDHA c205876d205876 001040708NFICaVPbVPd2024-09-25eDelivery of Books Act Divisiong399.00l0o796.350 DHApEN-125292r2024-09-25 00:00:00t1v399.00w2024-09-25yEN